000
00334nam a2200157Ia 4500
001
8708
003
GE_BSU
008
181216s||||||||xx |||||||||||||| ||und||
040
_c
GE_BSU
245
_a
Le point. №2155. 2 janvier 2014
260
_a
Paris
260
_c
2014
300
_a
110p.27cm.
653
_a
Le point
942
_c
CR
999
_c
42020
_d
42020